| 000 | 01720nam a22003017a 4500 | ||
|---|---|---|---|
| 003 | OSt | ||
| 005 | 20260327135832.0 | ||
| 008 | 260326t1979 xxu||||| |||| 00| 0 spa d | ||
| 020 | _a9682407141 | ||
| 040 |
_aUnicoc _bspa _c00001 _d00001 |
||
| 082 | _a150.1943 | ||
| 100 |
_912755 _aSkinner, Burrhus Frederic |
||
| 245 |
_aContingencias de reforzamiento _b: un análisis teórico _c/ Burrhus Frederic Skinner |
||
| 250 | _a1 Ed. | ||
| 260 |
_aMéxico : _bTrillas , _c1979 |
||
| 300 |
_a273 páginas _bIlustraciones |
||
| 500 | _aIncluye Índice y Referencias Bibliográficas | ||
| 505 |
_tPrimera parte: las contingencias de reforzamiento y el diseño de culturas. : _tCap. l. El papel del medio. -- _tCap. 2. La utopía como cultura experimental. -- _tCap. 3. La solución ambiental. -- _tSegunda parte: un análisis de las contingencias ontogenéticas y filogenéticas. : _tCap. 4. El análisis experimental de la conducta. -- _tCap. 5. Conducta operante. -- _tCap. 6. Un análisis operante de la solución de problemas. -- _tCap. 7. La filogenia y ontogenia de la conducta. -- _tTercera parte: crítica de las teorías alternativas. : _tCap. 8. El conductismo a los cincuenta. -- _tCap. 9. La historia interior. |
||
| 526 | _5Unicoc | ||
| 546 | _aEspañol | ||
| 650 | 0 |
_912800 _aContingencia (Psicología) |
|
| 650 | 0 |
_99335 _aConducta (Psicología) |
|
| 650 | 0 |
_912801 _aConducta operante |
|
| 650 | 0 |
_912802 _aPsicología del comportamiento |
|
| 658 | 0 |
_910741 _aPrograma de Psicología |
|
| 856 |
_uhttps://unicoceduco-my.sharepoint.com/:b:/g/personal/direccionbiblioteca_unicoc_edu_co/IQCnk176J0F8S7liuaLa0BmJAX084y8Can3h4nG9OFYrjF4 _yAcceso online exclusivo para comunidad Unicoc. |
||
| 942 |
_2ddc _cEBOOK |
||
| 999 |
_c10786 _d10786 |
||